| 000 | 00428 a2200145 4500 | ||
|---|---|---|---|
| 082 | _a659.2 | ||
| 090 |
_c4970 _d4970 |
||
| 100 | _aNelson, Jens. | ||
| 245 |
_aHow to write impressive business letters _cJens, Nelson. |
||
| 260 |
_aNew Delhi: . _bGoodwill Publishing House |
||
| 300 |
_a 264 p. ; _c 21 cm. |
||
| 500 | _aIncludes Index | ||
| 650 | _a1.Commercial correspondence. 2.Handbooks, manuals, etc, | ||
| 942 |
_cBK _k659.2 NEL |
||
| 999 |
_c8847 _d8847 |
||